Macro- Economics: An Introduction. (Record no. 686)

MARC details
005 - DATE AND TIME OF LATEST TRANSACTION
control field 20250315081406.0
020 ## - INTERNATIONAL STANDARD BOOK NUMBER
International Standard Book Number 0 582 35264 9
082 ## - DEWEY DECIMAL CLASSIFICATION NUMBER
Classification number 339 STA
100 ## - MAIN ENTRY--PERSONAL NAME
Author name STANLAKE, G.F.
245 ## - TITLE STATEMENT
Title Macro- Economics: An Introduction.
250 ## - EDITION STATEMENT
Edition statement 2nd Ed.
260 ## - PUBLICATION, DISTRIBUTION, ETC.
Place of publication, distribution, etc. England,
Name of publisher, distributor, etc. Longman,
Date of publication, distribution, etc. 1979.
300 ## - PHYSICAL DESCRIPTION
Extent IX,266P.:Ill.;figures,table.
Dimensions 21cm.
942 ## - ADDED ENTRY ELEMENTS (KOHA)
Source of classification or shelving scheme Dewey Decimal Classification
Koha item type Books
Holdings
Date last seen Total checkouts Full call number Barcode Cost, replacement price Price effective from Koha item type Lost status Source of classification or shelving scheme Damaged status Not for loan Withdrawn status Home library Current library Shelving location Date acquired Cost, normal purchase price
03/15/2025   339 STA 0000002709 30000.00 03/15/2025 Books   Dewey Decimal Classification       College of Business Education Main Library College of Business Education Main Library General Collection 03/15/2025 10000.00